00697nam a2200181 a 450000100100000000500170001000800410002702000150006804000250008308200180010811100890012624500540021526000800026930000100034949000600035950000360041983000600045500002373620200930022428.0110112s1997 mx a r 000 0 spa d a9686384251 aDO-SdBNPbspacBNPHU axxxxxxbS612m2 aSimposio panamericano de historian(1 :d31 octubre - noviembre de 1988 :cMéxico)10aMemorias del I simposio panamericano de historia. aMéxico, D. F. :bInstituto Panamericano de Geografía e Historia,c1997. av. 1.1 aInstituto Panamericano de Geografía e Historia ;v501 aIncluye bibliografía p. [214] 0aInstituto Panamericano de Geografía e Historia ;n501